"Las fuentes de la Cosntitución Ncaional" como "fuente" de disputa (personal y no) académica (Registro nro. 21705)

Detalles MARC
000 -LEADER
fixed length control field 00373 a2200109 4500
001 - CONTROL NUMBER
control field ART_41786
005 - DATE AND TIME OF LATEST TRANSACTION
control field 20260410161814.0
008 - FIXED-LENGTH DATA ELEMENTS--GENERAL INFORMATION
fixed length control field 260409a
100 1# - MAIN ENTRY--PERSONAL NAME
Personal name Mocoroa, Juan M.
245 10 - TITLE STATEMENT
Title "Las fuentes de la Cosntitución Ncaional" como "fuente" de disputa (personal y no) académica
773 0# - HOST ITEM ENTRY
Title Academia
Related parts - Año 12, Nº 24 (jul./dic. 2014)
Record control number REV4314

No hay ítems disponibles.